MAASAI MARA UNIVERSITY

LIBRARY CATALOGUE

Contact Us: +254 020 2685356/7 or 0774 057787

Box: 861-20500, NAROK, KENYA

Email: info@mmarau.ac.ke

Vita Vya Tamaa/ (Record no. 15396)

MARC details
000 -LEADER
fixed length control field 00331nam a22001337a 4500
003 - CONTROL NUMBER IDENTIFIER
control field OSt
005 - DATE AND TIME OF LATEST TRANSACTION
control field 20221026044431.0
008 - FIXED-LENGTH DATA ELEMENTS--GENERAL INFORMATION
fixed length control field 151027b xxu||||| |||| 00| 0 eng d
020 ## - INTERNATIONAL STANDARD BOOK NUMBER
International Standard Book Number 9966227237
040 ## - CATALOGING SOURCE
Transcribing agency MMU
Original cataloging agency MMU
Language of cataloging eng
Modifying agency MMU
050 ## - LIBRARY OF CONGRESS CALL NUMBER
Classification number PL8704.O412V58 2009
245 ## - TITLE STATEMENT
Title Vita Vya Tamaa/
Statement of responsibility, etc. Omar, Lamin H.
942 ## - ADDED ENTRY ELEMENTS (KOHA)
Source of classification or shelving scheme Library of Congress Classification
Koha item type L
Holdings
Withdrawn status Lost status Source of classification or shelving scheme Damaged status Not for loan Home library Current library Date acquired Source of acquisition Cost, normal purchase price Total Checkouts Full call number Barcode Date last seen Date last checked out Price effective from Koha item type Coded location qualifier
    Library of Congress Classification     Maasai Mara University Library -Main Campus Maasai Mara University Library -Main Campus 10/27/2015 purchase 340.00 1 PL8704.O412V58 2009 201514644 02/22/2016 02/19/2016 10/27/2015 L  
    Library of Congress Classification     Maasai Mara University Library -Main Campus Maasai Mara University Library -Main Campus 10/27/2015 purchase     PL8704.O412V58 2009 201514645 06/20/2024   10/27/2015 L 420
© 2016 Maasai Mara University.